Understanding church growth / (Record no. 2281)

MARC details
000 -LEADER
fixed length control field 00838pam a2200277 4500
001 - CONTROL NUMBER
control field 4189187
003 - CONTROL NUMBER IDENTIFIER
control field GBCCL
005 - DATE AND TIME OF LATEST TRANSACTION
control field 20241126110425.0
008 - FIXED-LENGTH DATA ELEMENTS--GENERAL INFORMATION
fixed length control field 800201s1980 miua b 001 0 eng
010 ## -
-- 80010923
020 ## - INTERNATIONAL STANDARD BOOK NUMBER
International Standard Book Number 0802815219
040 ## - CATALOGING SOURCE
Original cataloging agency DLC
Transcribing agency DLC
Modifying agency DLC
050 00 -
-- BV652.25
-- .M293 1980
082 00 - DEWEY DECIMAL CLASSIFICATION NUMBER
Classification number 254.5
-- 266
Item number MCG
100 1# - MAIN ENTRY--PERSONAL NAME
Personal name McGavran, Donald A.
Fuller form of name (Donald Anderson),
Dates associated with a name 1897-1990.
9 (RLIN) 2848
245 10 - TITLE STATEMENT
Title Understanding church growth /
Statement of responsibility, etc. by Donald A. McGavran.
250 ## - EDITION STATEMENT
Edition statement Rev. ed.
260 ## - PUBLICATION, DISTRIBUTION, ETC.
Place of publication, distribution, etc. Grand Rapids, Mich. :
Name of publisher, distributor, etc. Eerdmans,
Date of publication, distribution, etc. c1980.
300 ## - PHYSICAL DESCRIPTION
Extent xvi, 480 p. :
Other physical details ill. ;
Dimensions 22 cm.
500 ## - GENERAL NOTE
General note Includes index.
504 ## - BIBLIOGRAPHY, ETC. NOTE
Bibliography, etc. note Bibliography: p. 460-469.
650 #0 - SUBJECT ADDED ENTRY--TOPICAL TERM
Topical term or geographic name entry element Church growth.
9 (RLIN) 291
650 #0 - SUBJECT ADDED ENTRY--TOPICAL TERM
Topical term or geographic name entry element Christian sociology.
9 (RLIN) 2095
906 ## - LOCAL DATA ELEMENT F, LDF (RLIN)
a 7
b cbc
c orignew
d 1
e ocip
f 19
g y-gencatlg
942 ## - ADDED ENTRY ELEMENTS (KOHA)
Source of classification or shelving scheme Dewey Decimal Classification
Koha item type Books
Koha issues (borrowed), all copies 34
Holdings
Withdrawn status Lost status Source of classification or shelving scheme Damaged status Not for loan Home library Current Library Shelving location Date acquired Total checkouts Total renewals Full call number Barcode Date last seen Date last checked out Copy number Price effective from Koha item type
    Dewey Decimal Classification     GRACE BIBLE COLLEGE GRACE BIBLE COLLEGE Ministry & Mission 2017-07-25 23 4 254.5 MCG 001479 2025-05-01 2024-12-05 c.2 2017-07-25 Books
    Dewey Decimal Classification     GRACE BIBLE COLLEGE GRACE BIBLE COLLEGE Ministry & Mission 2017-11-22 9   254.5 MCG 000565 2025-05-01 2021-03-22 c.1 2017-11-22 Books
    Dewey Decimal Classification     GRACE BIBLE COLLEGE GRACE BIBLE COLLEGE Ministry & Mission 2017-11-22 3   254.5 MCG 002219 2025-05-01 2020-01-24 c.3 2017-11-22 Books
© Grace Bible College Library 2025